000 00692nam a2200205 a 4500
001 000007253
005 20250211105136.0
008 090907s2002 dr a 000 0 spa d
040 _aDO-SdBNP
_bspa
_cBNPHU
082 _a617.7
_bS839o
100 1 _aStern Díaz, Herbert S.
_d1958-
_913913
245 1 0 _aOftalmología básica /
_cHerbert Stern Diaz ; prólogo Cristóbal Fernández Peña.
260 _aSanto Domingo :
_bTaína,
_c2002.
300 _a307 p. :
_bil. ;
_c24 cm.
504 _aBibliografía : p. 298
590 _aInventariado,2018/DG
650 4 _aOftalmología
_920128
700 1 _aFernández Peña, Cristobal,
_epról.
_920132
910 _aValidado. Control de calidad. MMOLINA
999 _c7034
_d7034